| 000 | 00777nam a22002177a 4500 | ||
|---|---|---|---|
| 008 | 160525b xxu||||| |||| 00| 0 eng d | ||
| 020 | _a0781728819 | ||
| 020 | _a0781747589 (Phil. edition) | ||
| 082 |
_22002 _aDC 571.9 _bP83p |
||
| 100 |
_99045 _aPorth, Carol M. |
||
| 245 |
_aPathophysiology: _bconcepts of altered health states/ _cCarol Mattson Porth; Mary Pat Kunert, consultant. |
||
| 250 | _a6th Edition | ||
| 260 |
_aPhiladelphia: _bLippincott Williams & Wilkins, _cc2002. |
||
| 300 |
_axxvi,1525 pages: _billustration; _c25 cm. |
||
| 500 | _aIncludes bibliographical references and index. | ||
| 650 | 0 |
_99047 _aPhysiology, Pathological |
|
| 650 | 0 |
_99048 _aPathology |
|
| 700 |
_99050 _aKunert, Mary Pat _eConsultant |
||
| 365 |
_b898.00 _cPhp |
||
| 942 |
_2ddc _cDC |
||
| 999 |
_c2733 _d2733 |
||